00463 2200181 4500001002100000005001500021035002000036008004100056245005100097100001600148260003400164300001200198020001800210084001400228082000800242650001300250990001800263INLIS00000000000037620240813103823 a0010-0724000376240813 0 ind 1 aLebih Cerdas Dengan Wikipedia /cBaskom Studio aA. Happidin aSolo :bTiga Serangkai,c2009 a58 hlm. a979-695-297-1 a006 HAP l a006 4aKomputer aP29/CP/24/376